000 01077nam a22002775a 4500
001 15302990
005 20080522124956.0
008 080522s2008 nyu 000 0 eng
010 _a 2008929626
020 _a9783540687627 (hardcover : alk. paper)
020 _a9783540687658 (E- ISBN)
040 _aDLC
_cDLC
082 _222
_a621.312136
_bSTI
100 1 _aStiebler, Manfred.
_93756
245 1 0 _aWind energy systems for electric power generation /
_cManfred Stiebler.
260 _aNew York :
_bSpringer,
_cc2008.
263 _a0808
300 _axvii, 193 p.:
_bill.;
_c24 cm.
440 0 _aGreen energy and technology
_x18653529
_93757
504 _aIncludes bibliographical references and index.
650 0 _aWind energy conversion systems.
_93758
650 0 _aElectric power production.
_93759
942 _2ddc
_cBB
999 _c11316
_d11316